| 000 | 01235cab a2200181 4500 | ||
|---|---|---|---|
| 001 | ##L131782 | ||
| 008 | 051207n2005 000 0 eng u | ||
| 035 | _a(Sirsi) u131782 | ||
| 041 | 0 | _aeng | |
| 245 | 0 | 0 | _aNicolae Christopher Ratiu, Simon Harry Karmel, Regent House Properties Ltd v David Peter Conway |
| 260 | _c2005 | ||
| 520 | _a[2005] EWCA Civ 1302, 15 November 2005. Discussed the risks associated with acting in conflict with a former client. C, who had previously acted for a subsidiary company of Regent House (the third defendant), put in a higher offer than Regent House on another property. C then sued for defamation after Regent House complained that C had used confidential information. "Held": the original judgment in favour of C was overturned on the grounds that C had a conflict of interest in bidding against Regent House as he knew that it controlled the subsidiary and was therefore his real client. | ||
| 590 | _aIKA061205 | ||
| 650 | 2 | 4 | _aRATIU AND OTHERS V CONWAY |
| 690 | _aMANAGEMENT-BUSINESS MANAGEMENT-BUSINESS ETHICS-CONFLICTS OF BUSINESS INTEREST | ||
| 856 | 4 | 0 |
_uhttps://www.bailii.org/cgi-bin/markup.cgi?doc=/ew/cases/EWCA/Civ/2005/1302.html _zView judgment at www.baillii.org... |
| 942 | _n0 | ||
| 999 |
_c76273 _d76273 |
||